000 00731nam a22002777a 4500
001 BR7312113
003 BR-BrBNA
005 20230928084244.0
007 ta
008 230509b bl.||||| |||| 00| 0 por d
040 _aBR-BrBNA
_bpor
_cBiblioteca Nacional de Agricultura
041 _a(Por)
072 _aF00; E70; E15
_b1160
090 _ 1160 BR7312113
100 1 _aCoral, R.P. da S.
110 1 _aGrupo Executivo da Producao Vegetal, Belem, PA (Brasil)
_95462
245 1 _aA vez do caju
260 3 _aBelem, PA (Brasil):
_c1971.
300 _a47 p.
500 _a10 ref.
650 _aCAJU
650 _aCUSTO DE PRODUCAO
650 _aPRATICA CULTURAL
909 _a202309
_bLucia
_c55
_dLucia Elande
942 _cBK
999 _c17732
_d17732